000
00291nam a22001337a 4500
008
170601b xxu||||| |||| 00| 0 eng d
020
_a
2900073102169
041
_a
eng
080
_2
11TH
_a
94(7/8)
100
_a
17
101
_a
SHH
245
_a
TAKING SIDES
_c
MADARAS,L
942
_2
udc
_c
BK
999
_c
15338
_d
15338